| 000 | 00624nam a22002417a 4500 | ||
|---|---|---|---|
| 003 | UA-OsUOA | ||
| 001 | 91837 | ||
| 007 | ta | ||
| 008 | 20121205b un ||||| |||| 00| 0 ukr d | ||
| 100 | _aФедорів Р. | ||
| 090 |
_a821.161.2 _bФ66 |
||
| 942 | _cBK | ||
| 040 |
_aUA-OsUOA _bukr _cUA-OsUOA _dUA-OsUOA |
||
| 245 |
_aЗнак кіммерійця _bповісті |
||
| 300 | _a320 с. | ||
| 955 | _a3 | ||
| 041 | _aukr | ||
| 080 | _a821.161.2 | ||
| 260 |
_aЛьвів _bКаменяр _c1972 |
||
| 044 | _aUA | ||
| 650 | 7 |
_a82 Література. Літературознавство _2UDC |
|
| 999 |
_c378098 _d378098 |
||